nicos nextbots EVENTS - Statistics

General Stats
  • This quiz has been taken 22 times
  • The average score is 4 of 6
Answer Stats
Hint Answer % Correct
event during the nn;russia update Angry Munci
93%
during the nextbots: alternate aooni armstrong afton Bloodmoon
93%
during the nextbots: carter roblox idio_ Blackout
87%
event during the nn;russia update Richard Boderman
67%
halloween update event Purplemoon
40%
COMING SOON EVENT Reverse Munci
7%
No matching quizzes found
Score Distribution
Percent of People with Each Score
Percentile by Number Answered
Your Score History
You have not taken this quiz